[Event "Langley op"]
[Site "Langley CAN"]
[Date "2025.08.30"]
[Round "2.1"]
[White "Koo, Minjun"]
[Black "Doknjas, John"]
[Result "1-0"]
[WhiteElo "2011"]
[BlackElo "2416"]
[WhiteFideId "-1"]
[WhiteFideId "-1"]
[PlyCount "231"]
[GameId "2223040862666796"]
[EventDate "2025.08.30"]
[EventType "swiss"]
[EventRounds "6"]
[EventCountry "CAN"]

1. Nf3 d5 2. g3 g6 3. Bg2 Bg7 4. d4 Nf6 5. O-O O-O 6. c4 c6 7. b3 Bf5 8. Bb2 Nbd7 9. Nc3 Ne4 10. cxd5 Nxc3 11. Bxc3 cxd5 12. Rc1 Be4 13. e3 a5 14. a4 Nb8 15. Re1 Nc6 16. Re2 f6 17. Rd2 Qd7 18. Bf1 Rfd8 19. Ne1 e5 20. dxe5 fxe5 21. f3 Bf5 22. e4 Be6 23. exd5 Bxd5 24. Rxd5 Qxd5 25. Bc4 Qxc4 26. bxc4 Rxd1 27. Rxd1 Nd4 28. Bxd4 exd4 29. Nd3 Rc8 30. c5 Kf7 31. Rb1 Rc7 32. Rb5 g5 33. Rxa5 Ke6 34. Rb5 Kd5 35. c6+ Kxc6 36. Rxg5 Kd6 37. f4 Bf6 38. Rh5 Rc3 39. Nf2 Ke6 40. Rh6 Kf7 41. Ne4 Rc1+ 42. Kf2 Rc2+ 43. Kf3 Bg7 44. Ng5+ Kf8 45. Ne6+ Kg8 46. Nxg7 Kxg7 47. Rb6 Rxh2 48. Rxb7+ Kg8 49. Rd7 Rd2 50. g4 d3 51. Ke3 Ra2 52. Rxd3 Rxa4 53. Rd7 h6 54. Kf3 Rb4 55. Kg3 Ra4 56. Rb7 Rc4 57. f5 Rc1 58. Kf4 Rc4+ 59. Kg3 Rc1 60. Rb4 Kg7 61. Kf4 Rf1+ 62. Ke5 Re1+ 63. Re4 Ra1 64. Kd6 Ra6+ 65. Ke7 Ra7+ 66. Ke6 Ra6+ 67. Ke5 Ra1 68. Re3 Ra2 69. Kf4 Rf2+ 70. Kg3 Rf1 71. Re6 Ra1 72. Rg6+ Kh7 73. Re6 Kg7 74. Re3 Rb1 75. Kh4 Rh1+ 76. Rh3 Rf1 77. Rh2 Ra1 78. Kh5 Rf1 79. Kh4 Ra1 80. Rb2 Rh1+ 81. Kg3 Rg1+ 82. Kf3 Rf1+ 83. Rf2 Ra1 84. Kg3 Rb1 85. Rd2 Rg1+ 86. Kf4 Rf1+ 87. Ke5 Re1+ 88. Kd5 Ra1 89. Rd4 Kf7 90. Kd6 Ra2 91. Ke5 Re2+ 92. Re4 Ra2 93. Rb4 Re2+ 94. Kf4 Re1 95. Rb6 Rf1+ 96. Ke3 Kg7 97. Rg6+ Kh7 98. Re6 Kg7 99. Ke4 Re1+ 100. Kd5 Rd1+ 101. Ke5 Re1+ 102. Kd6 Ra1 103. Re7+ Kg8 104. f6 Ra6+ 105. Ke5 Ra5+ 106. Ke6 Ra6+ 107. Kf5 Ra5+ 108. Re5 Ra4 109. Re4 Ra6 110. Kg6 Kf8 111. Rb4 Ra8 112. Rb7 Kg8 113. Kxh6 Ra4 114. g5 Ra8 115. g6 Rf8 116. f7+ 1-0

[Event "Langley op"]
[Site "Langley CAN"]
[Date "2025.08.30"]
[Round "2.2"]
[White "Morozov, Grigorii"]
[Black "Verdon, Norman"]
[Result "1/2-1/2"]
[WhiteElo "2400"]
[BlackElo "1984"]
[WhiteFideId "-1"]
[WhiteFideId "-1"]
[PlyCount "61"]
[GameId "2223040862674989"]
[EventDate "2025.08.30"]
[EventType "swiss"]
[EventRounds "6"]
[EventCountry "CAN"]

1. d4 Nf6 2. c4 d6 3. Nf3 Nbd7 4. g3 e5 5. Bg2 Be7 6. O-O O-O 7. e3 c6 8. Nc3 e4 9. Ne1 d5 10. cxd5 cxd5 11. f3 exf3 12. Bxf3 Nb6 13. Nd3 Bh3 14. Rf2 Rc8 15. Nf4 Be6 16. Nxe6 fxe6 17. Qd3 Qd7 18. b3 Bb4 19. Ne2 Qc6 20. a3 Bd6 21. Nf4 e5 22. dxe5 Bxe5 23. Bb2 Bxb2 24. Rxb2 Qc3 25. Qxc3 Rxc3 26. Rd2 Rxe3 27. Bxd5+ Nfxd5 28. Nxd5 Nxd5 29. Rxd5 Rfe8 30. Kf2 R3e7 31. a4 1/2-1/2

[Event "Langley op"]
[Site "Langley CAN"]
[Date "2025.08.30"]
[Round "2.3"]
[White "Lu, Karson"]
[Black "Doknjas, Neil"]
[Result "0-1"]
[WhiteElo "1960"]
[BlackElo "2381"]
[WhiteFideId "-1"]
[WhiteFideId "-1"]
[PlyCount "114"]
[GameId "2223040862679086"]
[EventDate "2025.08.30"]
[EventType "swiss"]
[EventRounds "6"]
[EventCountry "CAN"]

1. d4 Nf6 2. c4 e6 3. Nc3 Bb4 4. Bd2 O-O 5. e3 c5 6. Nf3 cxd4 7. exd4 d5 8. a3 Bxc3 9. bxc3 b6 10. cxd5 exd5 11. Be2 Re8 12. O-O Rxe2 13. Qxe2 Ba6 14. Qe5 Nc6 15. Qf5 Bxf1 16. Kxf1 Qc8 17. Qd3 Na5 18. Re1 Qc4 19. Ne5 Qxd3+ 20. Nxd3 Nc4 21. Rd1 Ne4 22. Be1 Nxa3 23. f3 Nd6 24. Nb4 Ndc4 25. Kf2 Rd8 26. Nc6 Rd7 27. Bd2 f6 28. Bf4 a5 29. Re1 Kf7 30. g4 Nb5 31. Rc1 Nbd6 32. g5 Rc7 33. Nb8 Rc8 34. Na6 fxg5 35. Bxg5 h6 36. Bf4 Ke6 37. Re1+ Kd7 38. Bxd6 Kxd6 39. Rg1 g5 40. h4 Ra8 41. hxg5 hxg5 42. Rxg5 Rxa6 43. Rg6+ Ke7 44. Rg5 a4 45. Rg1 Nd2 46. Ra1 a3 47. Ra2 Nb3 48. Ke1 Nc1 49. Ra1 a2 50. Kd1 Nb3 51. Rxa2 Rxa2 52. f4 Kf6 53. Ke1 Kf5 54. Kd1 Kxf4 55. Ke1 Kf3 56. Kd1 Rd2+ 57. Ke1 Rc2 0-1

[Event "Langley op"]
[Site "Langley CAN"]
[Date "2025.08.30"]
[Round "2.4"]
[White "Kaufman, Raymond"]
[Black "Wu, Nicholas Pei-Chang"]
[Result "1-0"]
[WhiteElo "2302"]
[BlackElo "1944"]
[WhiteFideId "-1"]
[WhiteFideId "-1"]
[PlyCount "60"]
[GameId "2223040862687279"]
[EventDate "2025.08.30"]
[EventType "swiss"]
[EventRounds "6"]
[EventCountry "CAN"]

1. d4 d5 2. c4 dxc4 3. Nf3 a6 4. e3 Nf6 5. Bxc4 e6 6. O-O c5 7. Re1 b5 8. Bf1 Bb7 9. a4 b4 10. b3 Nbd7 11. Bb2 Be7 12. Nbd2 O-O 13. Rc1 Rc8 14. Nc4 Ne4 15. Nfe5 Nxe5 16. dxe5 Bh4 17. g3 Qg5 18. Bg2 Bxg3 19. fxg3 Nxg3 20. hxg3 Qxg3 21. Qe2 Bc6 22. Nd6 Rcd8 23. Qf2 Qg5 24. Rxc5 Rxd6 25. exd6 Qxc5 26. Qg3 f6 27. Rc1 Qf5 28. Bxc6 Rd8 29. e4 Qh5 30. Bxf6 Rxd6 1-0

[Event "Langley op"]
[Site "Langley CAN"]
[Date "2025.08.30"]
[Round "2.5"]
[White "Zhang, Kai Zhongkai"]
[Black "Chen, Yidong"]
[Result "0-1"]
[WhiteElo "1898"]
[BlackElo "2294"]
[WhiteFideId "-1"]
[WhiteFideId "-1"]
[PlyCount "110"]
[GameId "2223040862691376"]
[EventDate "2025.08.30"]
[EventType "swiss"]
[EventRounds "6"]
[EventCountry "CAN"]

1. e4 c5 2. Nf3 d6 3. d4 cxd4 4. Nxd4 Nf6 5. Nc3 a6 6. Bg5 e6 7. f4 Be7 8. Qf3 Qc7 9. O-O-O Nbd7 10. g4 h6 11. Bxf6 Bxf6 12. h4 Nb6 13. g5 Bxd4 14. Rxd4 Qc5 15. Rd2 Bd7 16. f5 hxg5 17. hxg5 Rxh1 18. Qxh1 O-O-O 19. fxe6 fxe6 20. g6 Rf8 21. Bd3 Kc7 22. Qh2 Rf6 23. e5 Qxe5 24. Qxe5 dxe5 25. Rh2 Rf8 26. Rh7 Rg8 27. Rh5 Nd5 28. Nxd5+ exd5 29. Rxe5 Kd6 30. Rh5 Re8 31. Kd2 Bg4 32. Rh4 Bf3 33. Rf4 Be4 34. Bxe4 Rxe4 35. Rxe4 dxe4 36. Ke3 Ke5 37. a4 a5 38. c3 Kf5 39. b4 Kxg6 40. Kxe4 Kf6 41. Kd5 Ke7 42. Kc5 axb4 43. cxb4 g5 44. Kb6 g4 45. Kxb7 g3 46. a5 g2 47. a6 g1=Q 48. a7 Qg2+ 49. Kb8 Qg8+ 50. Kb7 Qd5+ 51. Kb8 Qb5+ 52. Kc7 Qa6 53. Kb8 Qb6+ 54. Ka8 Qc7 55. b5 Qc8# 0-1

[Event "Langley op"]
[Site "Langley CAN"]
[Date "2025.08.31"]
[Round "3.1"]
[White "Doknjas, Neil"]
[Black "Yang, Henry"]
[Result "1/2-1/2"]
[WhiteElo "2381"]
[BlackElo "2191"]
[WhiteFideId "-1"]
[WhiteFideId "-1"]
[PlyCount "154"]
[GameId "2223040862695473"]
[EventDate "2025.08.30"]
[EventType "swiss"]
[EventRounds "6"]
[EventCountry "CAN"]

1. c4 Nf6 2. Nc3 e6 3. Nf3 d5 4. e3 c5 5. cxd5 exd5 6. d4 Nc6 7. Bb5 Bg4 8. O-O Bxf3 9. Qxf3 cxd4 10. exd4 Be7 11. Bg5 O-O 12. Rad1 Qb6 13. Qe2 Rae8 14. Qd3 h6 15. Bh4 a6 16. Ba4 Rd8 17. Rfe1 Rfe8 18. h3 g5 19. Bg3 Bf8 20. Be5 Bg7 21. Bxf6 Rxe1+ 22. Rxe1 Bxf6 23. Bc2 Kf8 24. Bb3 Nxd4 25. Bxd5 Qc7 26. Qe4 Nc6 27. Qh7 Bg7 28. Bb3 Nd4 29. Bd1 Qc6 30. Bh5 Re8 31. Rd1 Ne6 32. Qf5 Re7 33. Bf3 Qc5 34. Rd8+ Re8 35. Rd5 Qe7 36. Qc2 Nd4 37. Qd1 Qe1+ 38. Qxe1 Rxe1+ 39. Kh2 Nxf3+ 40. gxf3 Bxc3 41. bxc3 Re2 42. a4 Rxf2+ 43. Kg3 Ra2 44. Rd4 Ra3 45. Rc4 Kg7 46. h4 Kg6 47. hxg5 hxg5 48. f4 f6 49. fxg5 Kxg5 50. Rc5+ f5 51. a5 Rb3 52. Rc7 Rb5 53. c4 Rxa5 54. Rxb7 Ra3+ 55. Kf2 Kf4 56. c5 Ra2+ 57. Kf1 Rc2 58. Rb4+ Kg3 59. Rb3+ Kg4 60. Ra3 f4 61. Rxa6 Kg3 62. Rf6 Rxc5 63. Rf8 Ra5 64. Rf7 Ra1+ 65. Ke2 Ra2+ 66. Kf1 Kf3 67. Kg1 Ra1+ 68. Kh2 Ke3 69. Kg2 Ra2+ 70. Kf1 Rf2+ 71. Kg1 Ke2 72. Re7+ Kf3 73. Ra7 Re2 74. Ra3+ Re3 75. Ra2 Rb3 76. Rf2+ Kg3 77. Rg2+ Kf3 1/2-1/2

[Event "Langley op"]
[Site "Langley CAN"]
[Date "2025.08.31"]
[Round "3.2"]
[White "Wu, Nathan Ping-Ying"]
[Black "Kaufman, Raymond"]
[Result "0-1"]
[WhiteElo "2061"]
[BlackElo "2302"]
[WhiteFideId "-1"]
[WhiteFideId "-1"]
[PlyCount "88"]
[GameId "2223040862703666"]
[EventDate "2025.08.30"]
[EventType "swiss"]
[EventRounds "6"]
[EventCountry "CAN"]

1. e4 e5 2. Nf3 Nc6 3. Bc4 Bc5 4. O-O Nf6 5. d3 d6 6. c3 O-O 7. Re1 a6 8. a4 h6 9. h3 Ba7 10. b4 Be6 11. Bxe6 fxe6 12. Be3 Qe8 13. Nbd2 Kh8 14. Nf1 Nh5 15. g3 Qf7 16. Kg2 Bxe3 17. Rxe3 d5 18. exd5 exd5 19. Qe2 d4 20. Nxe5 Qd5+ 21. Re4 Nxe5 22. Qxh5 Rxf2+ 23. Kh1 Raf8 24. Qxe5 Qd7 25. g4 Rxf1+ 26. Rxf1 Rxf1+ 27. Kg2 Rf8 28. Qxd4 Qxa4 29. Re7 Qc6+ 30. Kg1 Qg6 31. Rxc7 Qg5 32. Qe4 Qc1+ 33. Kh2 Qd2+ 34. Kg1 Qf2+ 35. Kh1 Qg3 36. Rf7 Qxh3+ 37. Kg1 Rxf7 38. Qe8+ Kh7 39. Qxf7 Qxg4+ 40. Kf2 Qg6 41. Qxb7 Qxd3 42. Qc6 h5 43. c4 Qd2+ 44. Kg3 Qe1+ 0-1

[Event "Langley op"]
[Site "Langley CAN"]
[Date "2025.08.31"]
[Round "3.3"]
[White "Chen, Yidong"]
[Black "McLaren, Brian"]
[Result "1/2-1/2"]
[WhiteElo "2294"]
[BlackElo "2049"]
[WhiteFideId "-1"]
[WhiteFideId "-1"]
[PlyCount "50"]
[GameId "2223040862707763"]
[EventDate "2025.08.30"]
[EventType "swiss"]
[EventRounds "6"]
[EventCountry "CAN"]

1. e4 Nf6 2. e5 Nd5 3. c4 Nb6 4. d4 d6 5. exd6 exd6 6. Nc3 Be7 7. Bd3 O-O 8. Nge2 Nc6 9. O-O Bg4 10. Bb1 Bxe2 11. Nxe2 Bf6 12. b3 Re8 13. Be3 d5 14. c5 Nd7 15. Bf5 a5 16. a3 Nf8 17. Rb1 g6 18. Bh3 Ne6 19. g3 Bg7 20. Qd2 h6 21. Rbd1 Kh7 22. Bg2 Ne7 23. Bh3 Nc6 24. Bg2 Ne7 25. Bh3 Nc6 1/2-1/2

[Event "Langley op"]
[Site "Langley CAN"]
[Date "2025.08.31"]
[Round "3.4"]
[White "Liu, Zachary"]
[Black "Koo, Minjun"]
[Result "1-0"]
[WhiteElo "2235"]
[BlackElo "2011"]
[WhiteFideId "-1"]
[WhiteFideId "-1"]
[PlyCount "77"]
[GameId "2223040862711860"]
[EventDate "2025.08.30"]
[EventType "swiss"]
[EventRounds "6"]
[EventCountry "CAN"]

1. Nf3 d5 2. c4 e6 3. g3 dxc4 4. Bg2 Nd7 5. O-O Ngf6 6. Qc2 a6 7. a4 Be7 8. Na3 Nb6 9. a5 Nbd5 10. Qxc4 O-O 11. Re1 b5 12. axb6 cxb6 13. d4 Bb7 14. Ne5 Rc8 15. Qb3 b5 16. Bd2 Qb6 17. Nc2 Qc7 18. Rec1 Nb6 19. Ne1 Qb8 20. Ba5 Bxg2 21. Kxg2 Qb7+ 22. Qf3 Nbd5 23. N1d3 Nd7 24. Rxc8 Qxc8 25. Nxd7 Qxd7 26. Rc1 Rc8 27. Ne5 Qe8 28. Rxc8 Qxc8 29. Qxf7+ Kh8 30. e4 Bb4 31. exd5 Bxa5 32. dxe6 Bb4 33. Qd7 Qf8 34. Nc6 Qa8 35. d5 Bc5 36. e7 Bxe7 37. Qxe7 Kg8 38. Qe6+ Kf8 39. Ne5 1-0

[Event "Langley op"]
[Site "Langley CAN"]
[Date "2025.08.31"]
[Round "3.5"]
[White "Yin, Aiden"]
[Black "Morozov, Grigorii"]
[Result "0-1"]
[WhiteElo "1855"]
[BlackElo "2400"]
[WhiteFideId "-1"]
[WhiteFideId "-1"]
[PlyCount "84"]
[GameId "2223040862720053"]
[EventDate "2025.08.30"]
[EventType "swiss"]
[EventRounds "6"]
[EventCountry "CAN"]

1. e4 e6 2. d4 d5 3. Nc3 Bb4 4. e5 Qd7 5. Qg4 Bf8 6. Rb1 c5 7. dxc5 f5 8. Qh5+ g6 9. Qf3 Bxc5 10. h4 Nc6 11. Bb5 Qg7 12. Qg3 h6 13. Nf3 a6 14. Bxc6+ bxc6 15. b4 Ba7 16. Be3 Bxe3 17. fxe3 h5 18. O-O Nh6 19. Qf4 Ng4 20. a4 Qa7 21. Rfe1 Bd7 22. Qg5 Kf7 23. Rb3 c5 24. bxc5 Rab8 25. Qf4 Qxc5 26. Qd4 Qxd4 27. exd4 Rhc8 28. Rc1 Ke7 29. Kf1 a5 30. Ke2 Rb4 31. Kd2 Rbc4 32. Rcb1 Nf2 33. Ng5 Ne4+ 34. Ngxe4 fxe4 35. Nb5 Rxc2+ 36. Ke3 Rxg2 37. Nd6 Rf8 38. Nxe4 dxe4 39. Kxe4 Bc6+ 40. Kd3 Rf3+ 41. Kc4 Bd5+ 42. Kc5 Rxb3 0-1

[Event "Langley op"]
[Site "Langley CAN"]
[Date "2025.08.31"]
[Round "4.1"]
[White "Kaufman, Raymond"]
[Black "Liu, Zachary"]
[Result "1/2-1/2"]
[WhiteElo "2302"]
[BlackElo "2235"]
[WhiteFideId "-1"]
[WhiteFideId "-1"]
[PlyCount "48"]
[GameId "2223040862724150"]
[EventDate "2025.08.30"]
[EventType "swiss"]
[EventRounds "6"]
[EventCountry "CAN"]

1. Nf3 d5 2. e3 c6 3. c4 Nf6 4. Nc3 e6 5. Qc2 Nbd7 6. b3 b6 7. cxd5 exd5 8. Bb2 Bb7 9. Be2 Rc8 10. O-O Be7 11. Rac1 O-O 12. Qb1 Re8 13. Rfd1 Bf8 14. Bf1 a6 15. Ne2 c5 16. Ng3 b5 17. Qa1 Qb6 18. Ne5 Nxe5 19. Bxe5 Nd7 20. Bb2 Qe6 21. Nh5 Qg4 22. Ng3 Qe6 23. Nh5 Qg4 24. Ng3 Qe6 1/2-1/2

[Event "Langley op"]
[Site "Langley CAN"]
[Date "2025.08.31"]
[Round "4.2"]
[White "Morozov, Grigorii"]
[Black "Chen, Yidong"]
[Result "1/2-1/2"]
[WhiteElo "2400"]
[BlackElo "2294"]
[WhiteFideId "-1"]
[WhiteFideId "-1"]
[PlyCount "100"]
[GameId "2223040862728247"]
[EventDate "2025.08.30"]
[EventType "swiss"]
[EventRounds "6"]
[EventCountry "CAN"]

1. d4 Nf6 2. c4 g6 3. Nc3 d5 4. Bf4 Bg7 5. e3 O-O 6. Rc1 c5 7. dxc5 Qa5 8. cxd5 Ne4 9. Nge2 Nxc5 10. Nd4 Nbd7 11. Be2 Ne4 12. Qa4 Qxa4 13. Nxa4 g5 14. Bc7 Bxd4 15. exd4 Ndf6 16. f3 Nd6 17. Nc3 Bd7 18. Kf2 h6 19. Bd3 Kg7 20. Ne4 Nxd5 21. Nxd6 exd6 22. Bxd6 Rfd8 23. h4 Bc6 24. Bg3 Nf4 25. Bxf4 gxf4 26. Rc4 Bb5 27. Rc3 Bc6 28. Be4 Bxe4 29. fxe4 Rxd4 30. Kf3 Rd2 31. Rb3 Rc8 32. Rxb7 Rcc2 33. Kxf4 Rxb2 34. Rxa7 Rxg2 35. a4 h5 36. Rf1 Rgf2+ 37. Rxf2 Rxf2+ 38. Kg5 Re2 39. Kf5 Rf2+ 40. Ke5 Rh2 41. Rb7 Rxh4 42. Rb2 Rg4 43. Kf5 Rg6 44. a5 h4 45. Rh2 Ra6 46. Rg2+ Kf8 47. Ra2 h3 48. e5 h2 49. Rxh2 Rxa5 50. Rh6 Ke7 1/2-1/2

[Event "Langley op"]
[Site "Langley CAN"]
[Date "2025.08.31"]
[Round "4.3"]
[White "Chen, Zhengyu"]
[Black "Doknjas, Neil"]
[Result "1/2-1/2"]
[WhiteElo "2078"]
[BlackElo "2381"]
[WhiteFideId "-1"]
[WhiteFideId "-1"]
[PlyCount "64"]
[GameId "2223040862728248"]
[EventDate "2025.08.30"]
[EventType "swiss"]
[EventRounds "6"]
[EventCountry "CAN"]

1. Nf3 d5 2. c4 e6 3. g3 Nf6 4. Bg2 Be7 5. O-O O-O 6. b3 d4 7. e3 c5 8. exd4 cxd4 9. d3 Nc6 10. Re1 Bb4 11. Bd2 Bc5 12. a3 a5 13. Bg5 h6 14. Bxf6 Qxf6 15. Qe2 Bd6 16. Nbd2 Qe7 17. Qe4 f5 18. Qh4 Bxa3 19. Qxe7 Bxe7 20. Ne5 Bb4 21. Ra2 Nxe5 22. Rxe5 Rb8 23. c5 Bd7 24. Nc4 f4 25. gxf4 Rxf4 26. Nxa5 Rg4 27. h3 Rg6 28. Kh1 Rc8 29. Be4 Rg5 30. Rxg5 hxg5 31. Nxb7 Bxc5 32. Nxc5 Rxc5 1/2-1/2

[Event "Langley op"]
[Site "Langley CAN"]
[Date "2025.08.31"]
[Round "4.4"]
[White "Yang, Henry"]
[Black "Doknjas, John"]
[Result "0-1"]
[WhiteElo "2191"]
[BlackElo "2416"]
[WhiteFideId "-1"]
[WhiteFideId "-1"]
[PlyCount "100"]
[GameId "2223040862736441"]
[EventDate "2025.08.30"]
[EventType "swiss"]
[EventRounds "6"]
[EventCountry "CAN"]

1. d4 e6 2. c4 Nf6 3. Nf3 c5 4. e3 d5 5. Nc3 cxd4 6. exd4 Bb4 7. Bd2 O-O 8. a3 Bxc3 9. Bxc3 b6 10. Bd3 dxc4 11. Bxc4 Ba6 12. Bxa6 Nxa6 13. O-O Nc7 14. a4 Ncd5 15. Qb3 Qc7 16. Rfc1 Rfc8 17. Bd2 Qb7 18. Ne5 Ne4 19. Qd3 Nd6 20. Qa3 Nf5 21. Qd3 Nf6 22. Rxc8+ Rxc8 23. Rc1 Rd8 24. Rc4 h6 25. Nf3 Qd5 26. b3 Ne4 27. Bf4 f6 28. g4 Ne7 29. Rc7 Ng6 30. Bg3 f5 31. gxf5 exf5 32. Qe3 Rd7 33. Rc8+ Rd8 34. Rc7 Rd7 35. Rc8+ Kh7 36. Ne5 Nxe5 37. Bxe5 Ng5 38. Qg3 Nf3+ 39. Kf1 Nxd4 40. Bxd4 Qxd4 41. Qf3 Qd3+ 42. Qxd3 Rxd3 43. Rc7 a5 44. b4 axb4 45. Rc6 b5 46. Ke2 Rd4 47. axb5 b3 48. Ke3 Rb4 49. Rc1 Rxb5 50. Rb1 b2 0-1

[Event "Langley op"]
[Site "Langley CAN"]
[Date "2025.08.31"]
[Round "4.5"]
[White "Wu, Nicholas Pei-Chang"]
[Black "Yao, Lucas"]
[Result "1/2-1/2"]
[WhiteElo "1944"]
[BlackElo "2176"]
[WhiteFideId "-1"]
[WhiteFideId "-1"]
[PlyCount "68"]
[GameId "2223040862740538"]
[EventDate "2025.08.30"]
[EventType "swiss"]
[EventRounds "6"]
[EventCountry "CAN"]

1. d4 d5 2. c4 e6 3. Nc3 h6 4. cxd5 exd5 5. Bf4 c6 6. e3 Bd6 7. Bxd6 Qxd6 8. Bd3 Nf6 9. Nge2 O-O 10. O-O Re8 11. a3 a5 12. Qa4 Bg4 13. b4 Bxe2 14. Nxe2 b5 15. Qb3 a4 16. Qc2 Nbd7 17. Nc1 Ng4 18. g3 h5 19. Be2 Ndf6 20. Nd3 h4 21. Bxg4 Nxg4 22. h3 Nf6 23. g4 Ne4 24. Rac1 Rac8 25. Nc5 Nxc5 26. Qxc5 Qg6 27. Kh2 Qf6 28. Kg2 Qg6 29. Kh2 Qe4 30. Qc2 Qe7 31. Qc5 Qf6 32. Kg2 Re6 33. Qc2 Qg5 34. Kh2 Qf6 1/2-1/2

[Event "Langley op"]
[Site "Langley CAN"]
[Date "2025.09.01"]
[Round "5.1"]
[White "Doknjas, John"]
[Black "Kaufman, Raymond"]
[Result "1/2-1/2"]
[WhiteElo "2416"]
[BlackElo "2302"]
[WhiteFideId "-1"]
[WhiteFideId "-1"]
[PlyCount "64"]
[GameId "2223040862744635"]
[EventDate "2025.08.30"]
[EventType "swiss"]
[EventRounds "6"]
[EventCountry "CAN"]

1. Nf3 Nf6 2. g3 c5 3. Bg2 Nc6 4. d4 cxd4 5. Nxd4 g6 6. c4 Bg7 7. O-O h5 8. e4 h4 9. Nxc6 dxc6 10. Qxd8+ Kxd8 11. Rd1+ Ke8 12. Nc3 Be6 13. c5 Rh5 14. Na4 hxg3 15. hxg3 Nd7 16. Be3 b5 17. cxb6 axb6 18. Nxb6 Nxb6 19. Bxb6 Bxb2 20. Rab1 Rb5 21. e5 Rxb6 22. Rxb2 Rxb2 23. Bxc6+ Kf8 24. Bxa8 Rxa2 25. Bd5 Bxd5 26. Rxd5 e6 27. Rb5 Kg7 28. Kg2 Ra4 29. Kf3 g5 30. g4 Rf4+ 31. Kg3 Kg6 32. f3 Ra4 1/2-1/2

[Event "Langley op"]
[Site "Langley CAN"]
[Date "2025.09.01"]
[Round "5.2"]
[White "Liu, Zachary"]
[Black "Morozov, Grigorii"]
[Result "1/2-1/2"]
[WhiteElo "2235"]
[BlackElo "2400"]
[WhiteFideId "-1"]
[WhiteFideId "-1"]
[PlyCount "86"]
[GameId "2223040862748732"]
[EventDate "2025.08.30"]
[EventType "swiss"]
[EventRounds "6"]
[EventCountry "CAN"]

1. Nf3 d5 2. c4 e6 3. g3 Nf6 4. Bg2 Be7 5. O-O O-O 6. b3 b6 7. Bb2 Bb7 8. e3 Nbd7 9. Nc3 Nc5 10. d4 Nce4 11. Nd2 Nxd2 12. Qxd2 Qc8 13. Rfd1 Rd8 14. Rac1 dxc4 15. bxc4 Bxg2 16. Kxg2 Qb7+ 17. f3 Qa6 18. Qd3 Nd7 19. Qe2 e5 20. dxe5 Nxe5 21. Nd5 Bd6 22. Bxe5 Bxe5 23. Ne7+ Kf8 24. Rxd8+ Rxd8 25. Nc6 Re8 26. Qc2 g6 27. c5 bxc5 28. Qxc5+ Bd6 29. Qc4 Qxc4 30. Rxc4 Rxe3 31. a4 Re2+ 32. Kh3 a6 33. Nb8 Ke7 34. Nxa6 Kd7 35. Nc5+ Bxc5 36. Rxc5 Ra2 37. Rc4 Kd6 38. Rd4+ Kc6 39. g4 g5 40. Kg3 h6 41. h4 Re2 42. Rc4+ Kb7 43. f4 f6 1/2-1/2

[Event "Langley op"]
[Site "Langley CAN"]
[Date "2025.09.01"]
[Round "5.3"]
[White "Doknjas, Neil"]
[Black "Wu, Nathan Ping-Ying"]
[Result "1-0"]
[WhiteElo "2381"]
[BlackElo "2061"]
[WhiteFideId "-1"]
[WhiteFideId "-1"]
[PlyCount "67"]
[GameId "2223040862752829"]
[EventDate "2025.08.30"]
[EventType "swiss"]
[EventRounds "6"]
[EventCountry "CAN"]

1. e4 d5 2. exd5 Nf6 3. d4 Bg4 4. Bb5+ Nbd7 5. Be2 Bxe2 6. Qxe2 Nxd5 7. Nf3 e6 8. O-O Be7 9. a3 O-O 10. c4 N5f6 11. Nc3 c5 12. Rd1 Qb8 13. d5 exd5 14. Nxd5 Bd6 15. Qd3 Bc7 16. Qf5 Re8 17. Nxc7 Qxc7 18. Bf4 Qc6 19. Re1 Ne4 20. Rad1 Rad8 21. Be5 Ndf6 22. Rxd8 Rxd8 23. Qf4 h6 24. h4 a6 25. g4 g5 26. hxg5 hxg5 27. Nxg5 Nd2 28. Bxf6 Rd6 29. Bc3 Qd7 30. Qxd6 Nf3+ 31. Nxf3 Qxd6 32. Re8+ Kh7 33. Ng5+ Kg6 34. Rg8+ 1-0

[Event "Langley op"]
[Site "Langley CAN"]
[Date "2025.09.01"]
[Round "5.4"]
[White "Chen, Yidong"]
[Black "Koo, Minjun"]
[Result "1-0"]
[WhiteElo "2294"]
[BlackElo "2011"]
[WhiteFideId "-1"]
[WhiteFideId "-1"]
[PlyCount "129"]
[GameId "2223040862756926"]
[EventDate "2025.08.30"]
[EventType "swiss"]
[EventRounds "6"]
[EventCountry "CAN"]

1. e4 c5 2. Nf3 Nc6 3. Bb5 g6 4. O-O Bg7 5. c3 Nf6 6. Re1 O-O 7. d4 a6 8. Bf1 d5 9. e5 Ne4 10. h3 cxd4 11. cxd4 f6 12. exf6 Bxf6 13. Be3 Bf5 14. Nc3 Rc8 15. g4 Be6 16. Rc1 Qd6 17. Bg2 Rfd8 18. Nd2 Nxc3 19. bxc3 Na5 20. Nb3 Qa3 21. Rb1 b6 22. Qe2 Bf7 23. g5 Bg7 24. Qxa6 Qxa2 25. Nxa5 Qxa5 26. Qxb6 Qxb6 27. Rxb6 Rxc3 28. Rb7 Re8 29. Ra1 Kf8 30. Raa7 Rcc8 31. Bf1 Rb8 32. Kg2 Rxb7 33. Rxb7 Be6 34. Bb5 Rd8 35. h4 Kf7 36. f3 Ra8 37. Kg3 Ra3 38. Bf4 Ra8 39. Bd6 Bf8 40. Bc5 Rd8 41. Bb6 Ra8 42. Bc5 Rd8 43. Bd3 Ra8 44. h5 Bc8 45. Rc7 Ba6 46. Bc2 Bc4 47. hxg6+ hxg6 48. Rc6 Ra6 49. Bxg6+ Kg7 50. Rxa6 Bxa6 51. Bh5 Bc8 52. Kf4 Be6 53. Ke5 Bg8 54. f4 Kh7 55. f5 Bg7+ 56. f6 exf6+ 57. gxf6 Kh6 58. Be8 Bh8 59. Kf5 Bh7+ 60. Ke6 Bg8+ 61. f7 Bxf7+ 62. Bxf7 Kg5 63. Be7+ Kf4 64. Bd6+ Ke4 65. Be5 1-0

[Event "Langley op"]
[Site "Langley CAN"]
[Date "2025.09.01"]
[Round "5.5"]
[White "McLaren, Brian"]
[Black "Chen, Zhengyu"]
[Result "0-1"]
[WhiteElo "2049"]
[BlackElo "2078"]
[WhiteFideId "-1"]
[WhiteFideId "-1"]
[PlyCount "94"]
[GameId "2223040862761023"]
[EventDate "2025.08.30"]
[EventType "swiss"]
[EventRounds "6"]
[EventCountry "CAN"]

1. e4 c5 2. Nc3 Nc6 3. g3 g6 4. Bg2 Bg7 5. d3 e6 6. Be3 d6 7. Qd2 Rb8 8. Nge2 b5 9. a3 a5 10. O-O Nge7 11. Rae1 b4 12. axb4 axb4 13. Nd1 O-O 14. Bh6 Ba6 15. Bxg7 Kxg7 16. Ne3 Qb6 17. g4 Rbd8 18. Kh1 d5 19. Ng3 c4 20. exd5 exd5 21. Rg1 Qd4 22. Bf1 Qxb2 23. Nef5+ gxf5 24. Qg5+ Kh8 25. Rxe7 Nxe7 26. Qxe7 Bc8 27. gxf5 Rde8 28. Qh4 Qe5 29. d4 Qe7 30. Qh6 Rg8 31. Bg2 Qg5 32. Qxg5 Rxg5 33. Bxd5 Bxf5 34. h4 Be4+ 35. Bxe4 Rxg3 36. fxg3 Rxe4 37. Rb1 Rxd4 38. Rxb4 Rd1+ 39. Kg2 Rd2+ 40. Kf3 Rxc2 41. h5 Kg7 42. Rb7 Rc3+ 43. Kg4 Rc1 44. Rc7 c3 45. Rc6 h6 46. Rc7 c2 47. Rc6 f5+ 0-1